| 000 | 00477nab a2200145Ia 4500 | ||
|---|---|---|---|
| 003 | ES-SlBCS | ||
| 005 | 20210601145258.0 | ||
| 008 | 140529s1960 xxu||||| |||| 00| 0 spa d | ||
| 041 | _aspa | ||
| 100 | 1 |
_aEysenck, Hans J. _9159460 |
|
| 245 | 0 | 0 |
_aLa contribución de la psicología: ¿fundamental o auxiliar? _c Hans J. Eysenck |
| 650 | 0 | 4 |
_aPsicología _944875 |
| 773 | 0 |
_tRevista de Psicologia General y Aplicada _gvol. 15, nº. 56, 1960, págs. 879-880 _wRev1347 |
|
| 942 | _cAR | ||
| 999 |
_c722213 _d722213 |
||